Jac Leiner in conversation with Adele Nelson / (Record no. 1366)

MARC details
000 -LEADER
campo de control de longitud fija 00965nam a22002537a 4500
008 - DATOS DE LONGITUD FIJA--INFORMACIÓN GENERAL
campo de control de longitud fija 171123s2011 xxu||||| |||| 00| 0 eng d
020 ## - NÚMERO INTERNACIONAL ESTÁNDAR DEL LIBRO
Número Internacional Estándar del Libro 9780982354445
082 04 - NÚMERO DE LA CLASIFICACIÓN DECIMAL DEWEY
Número de clasificación 709.81
Número de ítem N424j
100 1# - ENTRADA PRINCIPAL--NOMBRE DE PERSONA
Nombre de persona Nelson, Adele.
9 (RLIN) 6112
245 14 - MENCIÓN DEL TÍTULO
Título Jac Leiner in conversation with Adele Nelson /
Mención de responsabilidad, etc. Adele Nelson y Robert Storr ; Fundación Cisneros.
246 21 - FORMA VARIANTE DEL TITULO
Título propio/Titulo breve Jac Leiner en conversación con Adele Nelson.
250 ## - MENCION DE EDICION
Mención de edición 1a edición.
260 ## - PUBLICACIÓN, DISTRIBUCIÓN, ETC.
Lugar de publicación, distribución, etc. Nueva York, Estados Unidos :
Nombre del editor, distribuidor, etc. Fundación Cisneros ; Distributed Art Publishers (D.A.P),
Fecha de publicación, distribución, etc. 2011.
300 ## - DESCRIPCIÓN FÍSICA
Extensión 200 páginas :
Otras características físicas ilustraciones en color.
505 0# - NOTA DE CONTENIDO CON FORMATO
Título Bonos de viajero frecuente
Mención de responsabilidad Robert Storr.
Título Jac Leirner en conversación con
Mención de responsabilidad Adele Nelson.
653 10 - TÉRMINO DE INDIZACIÓN--NO CONTROLADO
Término no controlado Arte contemporáneo
653 10 - TÉRMINO DE INDIZACIÓN--NO CONTROLADO
Término no controlado Arte latinoamericano
653 10 - TÉRMINO DE INDIZACIÓN--NO CONTROLADO
Término no controlado Arte - Brasil
653 10 - TÉRMINO DE INDIZACIÓN--NO CONTROLADO
Término no controlado Arte conceptual
653 10 - TÉRMINO DE INDIZACIÓN--NO CONTROLADO
Término no controlado Artistas visuales
653 10 - TÉRMINO DE INDIZACIÓN--NO CONTROLADO
Término no controlado Instalación
700 1# - ENTRADA AGREGADA--NOMBRE PERSONAL
Nombre de persona Storr, Robert.
9 (RLIN) 6113
710 1# - ENTRADA AGREGADA--NOMBRE DE ENTIDAD CORPORATIVA
Nombre de entidad corporativa o nombre de jurisdicción como elemento de entrada Fundación Cisneros.
9 (RLIN) 762
Holdings
Estatus retirado Estado de pérdida Fuente del sistema de clasificación o colocación Estado de daño No para préstamo Biblioteca de origen Biblioteca actual Ubicación en estantería Fecha de adquisición Total de préstamos Signatura topográfica completa Código de barras Visto por última vez Precio de reemplazo Tipo de ítem Koha
    Clasificación Decimal Dewey     Biblioteca LadoV Biblioteca LadoV   23/11/2017   709.81 N424j 000892 23/11/2017 23/11/2017 Material 01